Mathematiques au baccalaureat : terminales A
Saved in:
| Main Author: | |
|---|---|
| Format: | Book |
| Language: | French |
| Published: |
Paris :
Fernand Nathan,
[1981]
|
| Subjects: | |
| Tags: |
Add Tag
No Tags, Be the first to tag this record!
|
MARC
| LEADER | 00000cam a2200000 a 4500 | ||
|---|---|---|---|
| 001 | 1/106509 | ||
| 008 | 150526s1981####fr | ||| |||| ||fre|| | ||
| 040 | |a GR-MyUa |b gre |c GR-MyUa |e AACR2 | ||
| 041 | 0 | |a fre | |
| 082 | 7 | |a 510 |2 (23) | |
| 100 | 1 | |a Pitel, Gilbert. | |
| 245 | 1 | 0 | |a Mathematiques au baccalaureat : |b terminales A / |c Gilbert Pitel. |
| 246 | 1 | |a Les mathematiques au baccalaureat | |
| 260 | |a Paris : |b Fernand Nathan, |c [1981] | ||
| 300 | |a 157 σ. : |b πίν. ; |c 17 εκ. | ||
| 650 | 0 | |a Mathematics | |
| 852 | |a INST |b SAMOS |c MAG |e 20150526 |h 510 PIT |p 005300034299 |q 005300034299 |t BK |y 0 | ||
| 970 | |a Σιτζίμη |b Γιασεμή |z 2015/05/26 | ||